000 00332nam a2200133Ia 4500
005 20260328101523.0
008 260328s9999||||xx |||||||||||||| ||und||
100 _aMuir, Richard
245 4 _aThe English Village /
_cRichard Muir
260 _bThames & Hudson
300 _a208 p.
650 _aARQUITECTURA RESIDENCIAL
942 _cBK
999 _c9675
_d9675